[Event "25th Troya Open 2017"]
[Site "Canakkale"]
[Date "2017.08.07"]
[Round "1.1"]
[White "Savchenko, Boris"]
[Black "Gungor, Cevdet"]
[Result "1-0"]
[WhiteElo "2602"]
[BlackElo "1806"]
[Annotator "TA"]
[PlyCount "45"]
[EventCountry "TUR"]
[SourceTitle "playchess.com"]
[Source "ChessBase"]
[SourceQuality "1"]

{[%evp 13,45,10,22,14,75,79,74,75,98,82,102,5,125,110,115,0,0,0,168,143,166,139,204,172,506,498,514,490,913,932,1413,796,1262,1250]} 1. e4 c5 2. Nf3 e6 3. c3 d5 4. e5 Bd7 5. d4 Qb6 6. a3 {[%cal Ba2a3,Ba3a4,Ba4a5][%mdl 32]} Bb5 7. Bxb5+ Qxb5 8. a4 {C02: French: Advance Variation} (8. b4 $5) 8... Qa6 (8... Qd7 $11 {remains equal.}) (8... Qb6 9. dxc5 Bxc5 10. b4 Be7 11. O-O Nd7 12. a5 Qd8 13. Na3 g5 14. Re1 a6 15. Bd2 {1-0 (24) Zhigalko,S (2671)-Krishna Teja,N (2253) Rome 2016}) 9. dxc5 $16 Bxc5 10. b4 {White is better.} Bf8 11. Na3 $1 Nd7 12. Nd4 $146 (12. Be3 $16) ({Predecessor:} 12. Be3 Qc6 13. O-O Ne7 14. Qb3 Ng6 15. Nd4 {1-0 (26) Pesch,W-Fappas,J Germany 1984}) 12... Qb6 (12... Nxe5 $11 {keeps the balance.} 13. Nab5 Bd6) 13. a5 Qc7 14. Nab5 ({White must play} 14. O-O $1 $16) 14... Qxe5+ $11 15. Qe2 {Black must now prevent Qxe5.} Bd6 $2 (15... Rc8 $11 {and Black is okay.} 16. Qxe5 Nxe5) 16. Be3 $1 $18 Bb8 {[#]} 17. a6 $1 $36 {[%cal Ra6b7][%mdl 2048] White is in control.} bxa6 {[#]} (17... b6 $16) 18. Nc6 $1 {[%cal Rc6e5]} Qe4 $2 (18... Qf6 {is more resistant.} 19. Rxa6 Nh6) 19. Nxb8 {White is clearly winning.} axb5 20. Nxd7 Kxd7 (20... Nf6 $142 21. Nxf6+ gxf6 22. Qxb5+ Kf8) 21. Qxb5+ Kd8 22. O-O {Qb7 is the strong threat.} Nf6 {[#]} 23. Bb6+ $1 {[%mdl 512] Precision: White = 78%, Black = 36%.} 1-0

[Event "25th Troya Open 2017"]
[Site "Canakkale"]
[Date "2017.08.07"]
[Round "1.2"]
[White "Sat, Eray"]
[Black "Rasulov, Vugar"]
[Result "0-1"]
[WhiteElo "1826"]
[BlackElo "2509"]
[Annotator "TA"]
[PlyCount "74"]
[EventCountry "TUR"]
[SourceTitle "playchess.com"]
[Source "ChessBase"]
[SourceQuality "1"]

{[%evp 14,74,27,29,32,22,51,16,20,0,7,-17,-6,-34,-39,-45,-53,-83,-80,-84,-75,-104,-111,-100,-112,-170,-149,-206,-194,-177,-147,-150,-159,-327,-304,-300,-285,-480,-429,-471,-471,-470,-457,-465,-409,-428,-390,-654,-647,-632,-632,-603,-593,-754,-747,-966,-980,-29979,-29980,-29980,-29980,-29978,-29966]} 1. e4 e5 2. Nf3 Nc6 3. Bb5 Nf6 4. d3 d6 5. c3 g6 6. O-O Bg7 7. Re1 O-O 8. Nbd2 Nh5 {C66: Ruy Lopez: Steinitz Defence} (8... a6 9. Ba4 b5 10. Bc2 Re8 11. a4 b4 12. a5 Rb8 13. Ba4 Bd7 14. c4 Ne7 15. c5 Bxa4 16. Qxa4 Rb5 17. cxd6 cxd6 18. Nc4 d5 19. Ncxe5 Nd7 20. Nxd7 Qxd7 21. exd5 {½-½ (21) Salem,A (2608)-Sasikiran,K (2639) Biel 2016}) 9. Nf1 h6 10. d4 Bg4 $146 {The position is equal.} ({Predecessor:} 10... Ne7 11. Be3 c6 12. Ba4 Qc7 13. Qd2 Kh7 14. dxe5 dxe5 15. Rad1 Be6 16. Qd6 Qxd6 17. Rxd6 {1-0 (32) Reefat,B (2481)-Hayashi,K (2123) Turin 2006}) 11. Bxc6 bxc6 12. dxe5 (12. Ne3 $5 {[%cal Re3g4]} Bxf3 13. Qxf3 $11) 12... dxe5 13. Qxd8 Rfxd8 14. Be3 a5 15. Ng3 Nf4 16. Red1 a4 17. Bxf4 exf4 18. Ne2 g5 19. Ned4 (19. h3 $17 Bxf3 20. gxf3) 19... c5 20. Nf5 (20. h3 $17) 20... Rxd1+ 21. Rxd1 Bxf5 22. exf5 $19 {[%mdl 4096] Endgame KRB-KRN} Rb8 23. h3 $2 {[#]} (23. g4 $17) 23... Rxb2 24. Rd8+ Kh7 25. Rd7 $2 (25. a3) 25... Rxa2 26. Rxf7 {Black must now prevent f6.} Kg8 27. Rxc7 {[#]} a3 $1 {[%cal Ba4a3,Ba3a2][%mdl 32]} 28. Rc8+ Kf7 29. Rc7+ Kf6 30. Rxc5 $2 (30. Ra7 Ra1+ 31. Kh2) 30... Rb2 31. Ra5 a2 32. Kh2 {If only White now had time for Ne5....} Rxf2 33. Nd4 Rb2 34. Nf3 Ke7 35. Ne5 Bxe5 {Black mates.} 36. Rxe5+ Kf6 37. Ra5 f3 {Precision: White = 18%, Black = 83%.} 0-1

[Event "25th Troya Open 2017"]
[Site "Canakkale"]
[Date "2017.08.07"]
[Round "1.3"]
[White "Guseynov, Alihan"]
[Black "Albayrak, Kerem"]
[Result "0-1"]
[WhiteElo "2399"]
[BlackElo "1833"]
[Annotator "TA"]
[PlyCount "114"]
[EventCountry "TUR"]
[SourceTitle "playchess.com"]
[Source "ChessBase"]
[SourceQuality "1"]

{[%evp 18,114,41,44,64,0,0,0,0,-43,-39,-40,2,0,8,-7,-21,-17,-11,-23,-8,-3,0,0,0,0,0,0,0,0,0,0,0,0,0,0,0,0,0,0,0,0,14,0,4,4,4,0,0,0,0,0,8,8,11,8,25,8,8,0,0,0,0,0,0,-12,0,-80,0,0,0,0,8,0,0,-80,0,0,0,0,0,-28,0,0,0,-78,0,-78,0,-77,0,0,0,-10,0,0,104,-72,-72]} 1. Nf3 Nf6 2. g3 g6 3. Bg2 Bg7 4. c4 O-O 5. d4 d6 6. O-O Nc6 7. Nc3 a6 8. h3 Rb8 9. e4 e5 10. d5 Ne7 {[%cal Bc6e7,Be7d5,Bd5c3][%mdl 32] E63: King's Indian: Fianchetto: Panno Variation with 7...a6} 11. c5 ({Better is} 11. a4 $14) (11. b4 c6 12. a4 cxd5 13. cxd5 Bd7 14. Bd2 Rc8 15. Re1 h6 16. Qb3 Ne8 17. b5 a5 18. b6 {0-1 (33) Iljin,A (2537)-Korobov,A (2708) Sochi 2015}) 11... dxc5 $11 12. Nxe5 Nfxd5 $146 {The position is equal.} ({Predecessor:} 12... Nxe4 13. Nxe4 Bxe5 14. Bg5 Bf5 15. Nf6+ Kg7 16. Qd2 Qd6 17. Bh6+ Kh8 18. Bxf8 Qxf6 {1-0 (31) Manor,I (2460)-Istratescu,A (2505) Tel Aviv 1994}) 13. Nxd5 (13. Nxg6 {seems wilder.} fxg6 14. exd5 Nf5 15. Bf4 Nd4 16. Be3) 13... Nxd5 14. Nxg6 Nc3 (14... fxg6 {feels hotter.} 15. exd5 Qd6 16. Be3 Bxb2 17. Rb1 Be5) 15. bxc3 hxg6 16. Qxd8 (16. Qf3 {with more complications.} b5 17. h4 Bb7 18. Re1 f5 19. Qe3) 16... Rxd8 17. Bf4 $1 {[%cal Rf4c7]} Rd7 18. Rac1 Re7 19. Bg5 Re8 20. Bf4 Be6 21. Bxc7 Rbc8 22. Bd6 Bxa2 23. e5 Bxe5 24. Bxe5 Rxe5 25. Bxb7 Rb8 26. Bxa6 Be6 27. Rfe1 Rxe1+ 28. Rxe1 {[%mdl 4096] Endgame KRB-KRB} Rb3 29. c4 Bxh3 30. Re5 (30. Bc8 $5 Bxc8 31. Re8+ Kg7 32. Rxc8 $14) 30... Rb1+ 31. Kh2 Bg4 32. Kg2 Rb3 33. Rxc5 Bf3+ 34. Kh3 Rb1 {[%cal Rb1h1] [#]} 35. g4 Rg1 36. g5 Rg2 (36... f5 $5 {[%cal Rf5f4]} 37. gxf6 Kf7 $14) 37. Re5 Rxf2 38. c5 Rc2 39. Bb5 (39. Kg3 $5 {[%cal Rg3f3]} Bc6 40. Kg4 $11) 39... Rc3 40. Kh4 Kg7 41. Be8 Bb7 42. Kg4 (42. Bd7 $11 {remains equal.}) 42... Kf8 ({Black should play} 42... f5+ $17 43. gxf6+ Kxf6) 43. Bd7 Kg7 44. Kf4 Rf3+ 45. Kg4 {Strongly threatening c6.} Rc3 46. Bb5 (46. Kf4 $11) 46... Ba8 (46... f5+ $17 47. gxf6+ Kxf6) 47. Kh4 Bb7 48. Bd7 Bg2 49. Be8 Bb7 {[#] ( -> ...Bc8)} (49... Bh3 {is interesting.} 50. Bb5 Be6 51. Bf1 Bf5 52. Rd5 f6) 50. Bd7 Bg2 51. Bb5 (51. Be8 $11) 51... Bb7 52. Kg4 Ba8 (52... f5+ $17 53. gxf6+ Kxf6) 53. Be8 (53. Kf4 $11) 53... Kf8 (53... f5+ $17 54. gxf6+ Kxf6) 54. Bd7 {next Re8+ is good for White.} Kg7 55. Re8 Bd5 56. Rc8 f5+ (56... Rc4+ $11 {keeps the balance.} 57. Kg3 f5) 57. gxf6+ $2 (57. Kf4 $16 {is forced if you want to stay better.}) 57... Kxf6 {Precision: White = 50%, Black = 54%.} 0-1

[Event "25th Troya Open 2017"]
[Site "Canakkale"]
[Date "2017.08.07"]
[Round "1.4"]
[White "Bicer, Atakan Mert"]
[Black "Rahmanov, Shahriyar"]
[Result "0-1"]
[WhiteElo "1808"]
[BlackElo "2327"]
[Annotator "TA"]
[PlyCount "148"]
[EventCountry "TUR"]
[SourceTitle "playchess.com"]
[Source "ChessBase"]
[SourceQuality "1"]

{[%evp 9,148,37,42,25,72,18,20,-22,37,43,54,53,59,36,56,49,73,32,35,31,67,-8,25,0,14,-5,-5,-13,0,-37,-30,-65,-41,-76,-62,-93,-38,-83,-70,-90,-18,-118,-36,-100,-92,-106,-100,-116,-110,-125,-97,-144,-105,-99,-103,-106,-112,-116,-112,-143,-105,-168,-114,-130,0,-200,-156,-178,-178,-194,-161,-264,-193,-271,-271,-270,-249,-258,-250,-423,-395,-393,-395,-383,-335,-568,-558,-536,-519,-650,-643,-614,-621,-1191,-891,-1074,-1077,-1003,-986,-897,-1022,-1217,-1203,-1132,-978,-961,-908,-747,-685,-1685,-1867,-1627,-1601,-732,-560,-560,-560,-5501,-5580,-1951,-1533,-5671,-5593,-4762,-2007,-1325,-1004,-5781,-5608,-5237,-5230,-4522,-2423,-1836,-1751,-6637,-5839,-5521,-5506,-1585,-1518]} 1. d4 g6 2. e4 Bg7 3. Nf3 d6 4. Bc4 c6 5. O-O Nf6 6. Re1 {B06: Modern Defence} (6. e5 Nd5 7. Re1 O-O 8. exd6 Qxd6 9. Nbd2 Bf5 10. Ne4 Qb4 11. Bxd5 cxd5 12. c3 Qb6 13. Ng3 e6 14. Nxf5 gxf5 15. Ne5 Qd8 16. Qh5 Nc6 17. Nxc6 bxc6 18. Re3 Qf6 19. Rg3 Kh8 20. Bf4 {1-0 (20) Vachier Lagrave,M (2682)-Bacrot,E (2706) Nancy 2012}) 6... O-O 7. Bg5 (7. Nc3 $16) 7... h6 $11 8. Bf4 $146 {The position is equal.} (8. Bxf6 $5 Bxf6 9. Qd3 $11) ({Predecessor:} 8. Bxf6 Bxf6 9. h3 d5 10. Bb3 dxe4 11. Rxe4 Bf5 12. Re1 c5 13. Nc3 Bxd4 14. Nxd4 cxd4 {1-0 (60) Malinicheva,L (2024)-Saunina,L (2293) Lesnoj Gorodok 2009}) 8... Nh5 ({Black should try} 8... Nxe4 $1 $11 9. Rxe4 d5) 9. Be3 Nd7 10. Qd2 Kh7 11. Nc3 Nb6 12. Bd3 e5 13. dxe5 dxe5 14. a4 Be6 15. Qe2 (15. a5 $14 Nc4 16. Bxc4 Bxc4 17. Red1) 15... Qe7 16. a5 Nd7 17. Na4 Nf4 18. Qd2 Nxd3 19. cxd3 Bg4 20. Rac1 f5 $36 {[%mdl 2048] Black is more active.} (20... Bxf3 $5 21. gxf3 f5 $17) 21. Nc5 Bxf3 22. gxf3 Nf6 (22... f4 $17 23. Nxd7 Qxd7) 23. Qe2 Nh5 24. Kh1 b6 (24... f4 $17 25. Bd2 Rfd8) 25. Nb3 (25. exf5 $11 {remains equal.} gxf5 26. Na4) 25... fxe4 (25... f4 $17 {And now ...Qe6 would win.} 26. Bd2 Qe6) 26. fxe4 ({Better is} 26. dxe4 $15 c5 27. Nd2) 26... Nf4 $17 27. Bxf4 Rxf4 28. Nd2 Raf8 29. f3 Qd7 30. Rc3 h5 ({But not} 30... bxa5 31. Ra3 $15) 31. Rec1 R4f6 32. axb6 axb6 33. Rf1 Bh6 {[%cal Bg7h6,Bh6g5,Bg5e7,Be7b4,Bb4c5,Bc5d4][%mdl 32]} 34. Kg2 Rf4 35. Kf2 (35. Nc4 $17) 35... Qd4+ (35... Rh4 $19 36. Kg1 Bf4) 36. Kg2 Qd7 (36... Rh4 $17 37. Qf2 Qd8) 37. Kf2 $1 $19 Bg5 38. Ke1 Be7 39. Kd1 Bb4 40. Rb3 (40. Rc1 $142) 40... Bc5 41. Nc4 (41. Rc3 {was worth a try.}) 41... b5 42. Nd2 Bd4 43. Qg2 Rh4 44. Ke2 $2 {[#]} (44. Rh1) 44... Qh3 45. Qxh3 Rxh3 46. Rh1 g5 47. Kd1 $2 (47. Kf1) 47... g4 {Black is clearly winning.} 48. fxg4 hxg4 49. Rf1 Rf4 50. Rxf4 exf4 {[%mdl 4096] Endgame KRB-KRN} 51. Nf1 g3 52. hxg3 fxg3 53. Nxg3 Rxg3 {KRB-KR} 54. Rb4 Be5 55. Kc2 Rg2+ 56. Kb1 Rg1+ 57. Ka2 Rd1 58. Rb3 Kg7 59. Ka3 Bd6+ 60. Ka2 b4 61. e5 Be7 62. d4 Rxd4 63. Rg3+ Kf7 64. Kb3 Re4 65. Rg1 Rxe5 66. Rc1 Bc5 67. Kc4 Bd6 {[#] Threatens to win with ...Rc5+.} 68. Kd4 Rd5+ 69. Ke4 Rc5 70. Rf1+ Ke6 71. Kd4 Rc2 72. b3 Be5+ 73. Ke4 Rc3 74. Rb1 c5 {Precision: White = 33%, Black = 57%.} 0-1

[Event "25th Troya Open 2017"]
[Site "Canakkale"]
[Date "2017.08.07"]
[Round "1.5"]
[White "Sevgi, Volkan"]
[Black "Demirag, Gokhan"]
[Result "1/2-1/2"]
[WhiteElo "2213"]
[BlackElo "1815"]
[Annotator "TA"]
[PlyCount "120"]
[EventCountry "TUR"]
[SourceTitle "playchess.com"]
[Source "ChessBase"]
[SourceQuality "1"]

{[%evp 9,120,11,8,0,9,0,20,-8,8,0,42,45,47,0,35,8,42,22,56,25,68,18,33,0,27,29,33,15,16,14,8,11,52,29,29,50,36,29,26,33,31,-195,-200,-193,-188,-185,-190,-175,-158,-147,-156,-161,-161,-157,-153,-153,-157,-274,-278,-272,-254,-385,-382,-362,-348,-338,-334,-322,-225,-229,-229,-203,-203,-208,-183,-282,-282,-249,-262,-365,-315,-497,-479,-677,-652,-584,-547,-739,-716,-1099,-551,-347,0,0,0,0,0,0,0,0,0,0,0,0,0,0,0,0,0,0,0,0,0]} 1. e4 e5 2. Nc3 Nf6 3. g3 c6 4. d4 Bb4 (4... exd4 5. Qxd4 d5 6. Nf3 Nbd7 7. exd5 Bc5 8. Qd3 O-O 9. dxc6 Qb6 10. Be3 Bxe3 11. fxe3 bxc6 12. O-O-O {0-1 (31) Lu,S (2615)-Bu,X (2710) Taizhou 2015}) 5. dxe5 Nxe4 $1 6. Qd4 {C26: Vienna Game: 2...Nf6, sidelines} Qa5 {[%cal Re4c3]} 7. Nge2 ({Much weaker is} 7. Qxe4 Bxc3+ 8. Ke2 (8. Kd1 Qxe5 9. Qxe5+ Bxe5 $17) 8... Qxe5 $17) 7... Nxc3 8. bxc3 Bc5 $132 {[%mdl 2048] Black is fighting back} 9. Qg4 g6 $146 ({Find the theoretical novelty and annotate with similar games:} 9... Bf8 10. Bf4 Qd5 11. Rg1 Na6 12. Bg2 {½-½ (63) Ahmadinia,E (2398)-Asgharzadeh,M (2143) Tabriz 2013}) 10. Bh6 $1 Na6 11. Qh4 Be7 (11... Nb4 $5 12. Kd2 Be7 $11) 12. Qd4 Rg8 13. Bh3 Nc7 14. O-O Ne6 15. Bxe6 (15. Qe4 {is more complex.} b6 16. a4 Ba6 17. Bd2 Qd5 18. Qxd5 cxd5 19. Rfe1) 15... dxe6 16. Be3 (16. h4 {looks sharper.} Qc5 17. Be3 Qxd4 18. cxd4 b6 19. Rfb1) 16... Qd5 (16... c5 {feels hotter.} 17. Qe4 Qa6 18. c4 Bd7 19. Nc3 Bc6) 17. Rfd1 Qxd4 18. cxd4 b6 19. h4 Ba6 20. Nc3 O-O-O 21. Bg5 Bxg5 22. hxg5 h6 23. gxh6 Rh8 24. Ne4 {aiming for Ng5.} Rxh6 25. Nd6+ $2 {[#]} (25. Kg2 $14 {keeps the upper hand.}) 25... Rxd6 $1 $19 {[%mdl 512]} 26. exd6 {[%mdl 4096] Endgame [#] KRR-KRB} Be2 $1 {[%cal Re2f3] ( -> ...Bf3)} 27. Kg2 {And now Rh1 would win.} Bxd1 28. Rxd1 {KR-KR} Kd7 29. Rd3 Kxd6 30. Rf3 f5 31. Ra3 Rh7 32. Kf3 g5 33. Re3 (33. Ke3 $17 {is a better defense.}) 33... Rh1 34. Ra3 a5 35. Rb3 (35. Ke3 $142) 35... Rc1 36. Rc3 Kd5 37. Ke2 Rb1 (37... Kxd4 38. Rxc6 Kd5 39. Rc3 $17) 38. a3 c5 ({Less strong is} 38... Kxd4 39. Rxc6 Ke5 40. Kd3 $17) 39. dxc5 bxc5 40. Rd3+ Kc4 41. Re3 Rb6 42. Kd2 (42. Rd3 {was necessary.}) 42... Rd6+ 43. Kc1 g4 44. Rb3 e5 {[%cal Be6e5,Be5e4][%mdl 32]} 45. Re3 (45. Rb8 $142 Kd5 46. Kd2) 45... e4 46. Re1 (46. a4 $142 Rd5 47. Re1) 46... Rh6 47. Kd2 Rh2 48. Ke3 Kc3 49. Rb1 Kxc2 50. Rb5 a4 $2 (50... c4 $19 {...c3 is the strong threat.} 51. Rxf5 c3) 51. Rxc5+ $11 {The position is equal.} Kb3 52. Rxf5 Kxa3 {Hoping for ...Kb4.} 53. Kxe4 Kb2 54. Rf8 a3 {White must now prevent ...a2.} 55. Rb8+ Ka1 (55... Ka2 $5 {[%cal Rh2f2]} 56. Kf5 Rxf2+ 57. Kxg4 Rb2 $17) 56. Kf4 Rxf2+ (56... Rh1 $5 {[%cal Rh1b1]} 57. Kxg4 Rb1 $11) 57. Kxg4 Rb2 ({Don't do} 57... a2 58. Kg5 $17) 58. Ra8 a2 59. Kh5 Rh2+ 60. Kg5 Kb1 {Precision: White = 63%, Black = 66%.} (60... Rh3 $5 {[%cal Rh3g3]} 61. g4 Rg3 $11) 1/2-1/2

[Event "25th Troya Open 2017"]
[Site "Canakkale"]
[Date "2017.08.07"]
[Round "1.6"]
[White "Yerden, Huseyin Eren"]
[Black "Grigoriev, Armen"]
[Result "0-1"]
[WhiteElo "1816"]
[BlackElo "2160"]
[Annotator "TA"]
[PlyCount "55"]
[EventCountry "TUR"]
[SourceTitle "playchess.com"]
[Source "ChessBase"]
[SourceQuality "1"]

{[%evp 9,55,18,17,20,39,17,39,38,65,64,58,59,65,-19,-14,-52,-44,-35,0,9,0,0,0,-16,-17,-90,-75,-135,-141,-137,-131,-147,-87,-29992,-29993,-29994,-29995,-29996,-29997,-29997,-898,-1238,-950,-1107,-746,-722,-731,-29998]} 1. d4 d5 2. c4 Bf5 3. Nc3 e6 4. Nf3 Nf6 5. e3 Nc6 {[#] aiming for ...Nb4.} 6. Be2 {D07: Queen's Gambit: Chigorin Defence} (6. a3 Be7 7. Bd3 Bxd3 8. Qxd3 O-O 9. O-O Na5 10. cxd5 exd5 11. Nd2 b6 12. b4 Nb7 13. Bb2 c5 14. Qa6 {½-½ (23) Godart,F (2376)-Gozzoli,Y (2579) Menton 2016}) 6... Be7 7. O-O O-O 8. Nh4 {White is slightly better.} Be4 $146 ({Predecessor:} 8... Bg6 9. Nxg6 hxg6 10. a3 dxc4 11. Bxc4 {½-½ (11) Oppermann,P (1736)-Manthey,J (1894) Binz 2013}) 9. f3 Bg6 10. Nxg6 hxg6 11. Qd3 ({White should try} 11. a3 $14) 11... Nb4 $11 12. Qb1 c5 13. dxc5 Bxc5 14. a3 Nc6 15. b4 Bd6 {[%cal Bc5d6,Bd6e5,Be5d4][%mdl 32]} 16. Rd1 Qb8 17. h3 (17. f4 $11 {remains equal.}) 17... Be5 $36 {[%mdl 2048] Keeping White busy.} 18. Bb2 ({White should play} 18. Qc2) 18... d4 19. exd4 Bxd4+ 20. Kh1 Qf4 (20... Qe5 $142 21. Qc1 Nh5) 21. Bd3 $2 {[%mdl 8192] [#]} (21. Ne4 $17 Bxb2 22. Qxb2) 21... Be5 {[%csl Ge5][%cal Rf4h2]} 22. Kg1 Qh2+ 23. Kf2 Bd4+ 24. Ke1 Qxg2 (24... Qg1+ $142 25. Kd2 Be3+ 26. Ke2 Qf2#) 25. Be2 {Black is clearly winning.} Qf2+ 26. Kd2 Qe3+ 27. Kc2 Bxc3 28. Rh1 {Precision: White = 37%, Black = 51%.} 0-1

[Event "25th Troya Open 2017"]
[Site "Canakkale"]
[Date "2017.08.07"]
[Round "1.7"]
[White "Aliyev, Elnur"]
[Black "Akpulat, Dogan"]
[Result "1-0"]
[WhiteElo "2150"]
[BlackElo "1802"]
[Annotator "TA"]
[PlyCount "105"]
[EventCountry "TUR"]
[SourceTitle "playchess.com"]
[Source "ChessBase"]
[SourceQuality "1"]

{[%evp 9,104,10,28,32,33,23,35,27,62,45,96,24,23,-21,-14,-20,-14,-77,-77,-65,-18,-10,13,12,115,125,125,121,114,116,119,123,120,116,119,122,104,122,110,110,224,216,222,215,215,225,353,225,285,221,327,272,375,285,279,182,177,182,176,183,285,184,189,182,777,772,810,760,677,630,1001,994,937,879,843,692,1023,954,1805,1686,1817,893,29981,29982,29984,29985,29986,29987,29990,29991,29991,29992,29995,29996,29996,29997,29999]} 1. d4 d5 2. Bf4 Nf6 3. e3 Bf5 4. Nc3 c6 5. f3 e6 6. g4 {D00: 1 d4 d5: Unusual lines} Bg6 7. h4 {Strongly threatening h5.} h5 {next ...hxg4 is good for Black.} 8. g5 {White is slightly better.} Ng8 (8... Nfd7 9. Bd3 Bxd3 10. Qxd3 g6 11. Nge2 Bg7 12. Bd6 {1-0 (49) Grandelius,N (2643)-Bologan,V (2640) Doha 2016}) 9. Bd3 Ne7 (9... Bxd3 $14 10. cxd3 (10. Qxd3 Bd6 $14) 10... Bd6) 10. Bg3 $146 ({White should try} 10. e4 $16) ({Predecessor:} 10. Nge2 Bxd3 11. Qxd3 Ng6 12. O-O-O {0-1 (43) Lopez Forn,M (2051)-Nazarenus,M (2221) Barcelona 2017}) 10... Nf5 $11 11. Bf2 (11. Bxf5 $5 Bxf5 12. Qd2 $11) 11... c5 $1 12. Nge2 Nc6 13. Qd2 (13. Nf4 $11) 13... cxd4 $17 14. exd4 a6 15. Nf4 Bb4 16. a3 Ncxd4 ({Much weaker is} 16... Nfxd4 $6 17. O-O-O $16) (16... Bd6 $11) 17. Bxd4 $16 Nxd4 18. O-O-O $1 $36 {[%mdl 2048] Keeping Black busy.} Bxc3 ({But not} 18... Nxf3 $2 19. Qe3 $18) 19. Qxc3 Bxd3 20. Qxd4 ({And not} 20. Rxd3 Nf5 $15) 20... Bf5 21. Qxg7 Qc7 {[%csl Gf5][%cal Rc7c2]} 22. Qxh8+ Kd7 {[%csl Gf5][%cal Rc7c2]} 23. Qc3 Qxf4+ 24. Qd2 $1 {[%cal Rd2f4]} Qc4 (24... Qa4 $16 {was worth a try.}) 25. b3 $18 Qc5 {[#]} 26. Kb2 $1 b5 27. Rc1 Rc8 (27... Ke8 {might work better.} 28. Qb4 Rc8 29. Qxc5 Rxc5) 28. Rhe1 d4 29. f4 Rc6 (29... Qd6 {keeps fighting.} 30. Qf2 Rc5) 30. Qb4 Kd6 31. Qxc5+ Rxc5 {[%mdl 4096] Endgame KRR-KRB} 32. Red1 Kd5 33. c3 d3 {[#]} 34. Re1 $1 Kd6 (34... Kc6 $142) 35. Rcd1 Ke7 36. Re5 Rxe5 $2 (36... Rc8 37. Ree1 Bg6) 37. fxe5 {KR-KB} Kd7 38. c4 Kc6 39. Kc3 bxc4 40. Kxc4 Bg4 41. Rd2 Be2 42. Kd4 a5 43. Rb2 Kb5 44. Ke3 Kc6 45. b4 Kb5 46. bxa5+ {White mates.} Kxa5 47. Rb7 Ka4 48. Rxf7 Kb3 49. g6 Kc2 50. Rc7+ Kd1 51. g7 d2 52. g8=Q Bf3 53. Qg1# {Precision: White = 72%, Black = 38%.} 1-0